| 000 | 00783nam a22001817a 4500 | ||
|---|---|---|---|
| 003 | JO-AjAnu | ||
| 005 | 20260420105245.0 | ||
| 008 | 260420b jo ||||| |||| 00| 0 ara d | ||
| 040 |
_aANU _cJO-AjAnu |
||
| 041 | _hARA | ||
| 100 |
_aالمسعدي، مكرم عمر _eمعد _966968 |
||
| 245 |
_aالإدارة الإستراتيجية ودورها في إدارة المخاطر الأمنية _c / مكرم عمر المسعدي و احمد إبراهيم احمد الزعارير |
||
| 260 |
_aإربد: _bعالم الكتب الحديث للنشر والتوزيع؛ _c2024 |
||
| 300 | _a415 صفحة | ||
| 650 | _vالادارة الاستراتيجية | ||
| 700 |
_aالزعارير، احمد إبراهيم احمد _eمؤلف مشارك _966969 |
||
| 942 |
_2lcc _cBK _n0 |
||
| 999 |
_c34190 _d34190 |
||